Las Islas Desventuradas
Zapisane w:
| Główni autorzy: | , |
|---|---|
| Format: | Książka |
| Język: | hiszpański |
| Wydane: |
Santiago
La Semana
1930
|
| Wydanie: | 1a. ed |
| Hasła przedmiotowe: | |
| Etykiety: |
Dodaj etykietę
Nie ma etykietki, Dołącz pierwszą etykiete!
|
MARC
| LEADER | 00000nam a2200000 a 4500 | ||
|---|---|---|---|
| 001 | UCJ4476 | ||
| 003 | CL-VaPUC | ||
| 008 | 070124e19300000CL |||||||||||||||||spa|d | ||
| 082 | 0 | 4 | |a 983 |b VIC |2 21 |
| 100 | |a Vicuña Mackenna, Benjamín, |d 1831-1886 |x Político e historiador |z Chile |e author |9 374 | ||
| 700 | 0 | |a Rodríguez, Zorobabel |e author |9 438236 | |
| 245 | 1 | 4 | |a Las Islas Desventuradas |
| 246 | 1 | 0 | |a D. José Santos Ossa |
| 250 | |a 1a. ed | ||
| 300 | |a 20 p | ||
| 942 | |c BK | ||
| 945 | |d 20070124 00:00:00 |a rinostro | ||
| 260 | |a Santiago |b La Semana |c 1930 | ||
| 500 | |a Front., retratos de Don Benjamín Vicuña M. y de Don José Santos Ossa. Islas Desventuradas fue la denominación primera que tuvieron las islas San Félix y San Ambrosio. Benelli, Bibliografía, N§ 188 | ||
| 600 | 0 | 7 | |a SANTOS OSSA, JOSE |2 CL-VaPUC |9 378130 |
| 650 | 0 | |a Historia de Chile |9 265473 | |
| 650 | 0 | |a Geografía |9 259346 | |
| 650 | 0 | |a Descubrimientos geográficos |9 331933 | |
| 650 | 0 | |a Iconografía |9 267998 | |
| 650 | 7 | |a BIOGRAFIA |2 CL-VaPUC |9 504622 | |
| 650 | 0 | |a Minería |9 326008 | |
| 650 | 0 | |a Salitre |9 313872 | |
| 650 | 7 | |a NECROLOGIA |2 CL-VaPUC |9 504408 | |
| 651 | 7 | |a ANTOFAGASTA |2 CL-VaPUC |9 319270 | |
| 651 | 0 | |a Calama |9 447366 | |
| 651 | 0 | |a Desierto de Atacama |9 443691 | |
| 651 | 7 | |a RIO LOA |2 CL-VaPUC |9 507604 | |
| 651 | 7 | |a SALAR DEL CARMEN |2 CL-VaPUC |9 446165 | |
| 651 | 7 | |a ISLAS DESVENTURADAS |2 CL-VaPUC |9 384329 | |
| 651 | 7 | |a ISLAS SAN FELIX Y SAN AMBROSIO |2 CL-VaPUC |9 508266 | |
| 583 | |a last modification |c 20070124 00:00:00 |k Rodrigo Vera | ||
| 999 | |c 320592 |d 320590 | ||
| 952 | |0 0 |1 0 |4 0 |6 983_000000000000000_VIC_1930 |7 0 |8 X |9 399140 |a FDOBUD |b FDOBUD |d 2019-11-22 |i 1018558 |o 983 VIC 1930 |p 1018558 |r 2019-11-22 |w 2019-11-22 |y BK_X |k BUD | ||